Norma Chilena Oficial NCh 2257-3. Of96
Guardado en:
| Autor Corporativo: | |
|---|---|
| Formato: | Libro |
| Lenguaje: | español |
| Publicado: |
Santiago
Instituto Nacional de Normalización
1996
|
| Materias: | |
| Etiquetas: |
Agregar Etiqueta
Sin Etiquetas, Sea el primero en etiquetar este registro!
|
MARC
| LEADER | 00000nam a2200000 a 4500 | ||
|---|---|---|---|
| 001 | UCN0158 | ||
| 003 | CL-VaPUC | ||
| 008 | 010316e19960000CL |||||||||||||||||spa|d | ||
| 082 | 0 | 4 | |a 620.136 |b INS |2 21 |
| 110 | 2 | |a Instituto Nacional de Normalización |e author |9 455485 | |
| 245 | 1 | 0 | |a Norma Chilena Oficial NCh 2257-3. Of96 |
| 246 | 1 | 0 | |a Morteros - determinación de la consistencia - Parte 3: método del asentamiento del cono |
| 246 | 1 | 0 | |a Mortar - determination of the consistency - Part 3: slump test method |
| 300 | |a 3 p | ||
| 942 | |c BK | ||
| 945 | |d 20010316 00:00:00 |a cmena | ||
| 260 | |a Santiago |b Instituto Nacional de Normalización |c 1996 | ||
| 650 | 0 | |a Materiales de construcción |9 260197 | |
| 650 | 7 | |a MORTEROS |2 CL-VaPUC |9 262664 | |
| 650 | 7 | |a ENSAYOS MECANICOS |2 CL-VaPUC |9 361707 | |
| 650 | 7 | |a RESISTENCIA MECANICA |2 CL-VaPUC |9 455486 | |
| 650 | 0 | |a Ensayos de vibración |9 455487 | |
| 650 | 7 | |a ENSAYOS DE COMPRESION |2 CL-VaPUC |9 455488 | |
| 583 | |a last modification |c 20010316 00:00:00 |k Rodrigo Vera | ||
| 999 | |c 294094 |d 294092 | ||
| 952 | |0 0 |1 0 |4 0 |6 620_136000000000000_INS_1996 |7 0 |8 X |9 345949 |a BIBING |b BIBING |d 2019-11-20 |i 3565319 |o 620.136 INS 1996 |p 3565319 |r 2025-01-20 |w 2019-11-20 |y BK_X |k CCL | ||